000 005430000a22001810004500
090 _aAR
_b00353
245 1 0 _aHistología de "Sangre de grado" (<Croton lechleri Muell. Arg.>)
650 1 4 _aSangre de grado
_993178
650 1 4 _aPlantas medicinales
_993263
650 1 4 _aHistología
_951699
651 4 _dOxapampa
_pPerú
_992749
653 _gCroton
_eCroton lechleri
041 0 _aEspañol
700 1 _aMeza Baltazar, Elsa N.
_913755
100 1 _aIparraguirre León, Domingo
_993267
942 _cARTICULO
773 1 _tPreprint
_33
_q1-9
_d1996?
999 _c9451
_d9451